01763nam a2200241Ia 4500003000400000005001700004008004100021020001800062040002100080041000800101082002700109100003900136245007000175250001800245260006900263300003000332500003700362504003800399505020300437520082500640650001901465650003701484OSt20210706150648.0210310s2014 mx gr 000 0 spa d a9786078384235 aCO-JMCRcCO-JMCR0 aspa04a332.63247 /bS669e2231 aSánchez Vega, Alejandro, eautor13aLa estrategia fiscal y el fideicomiso /cAlejandro Sánchez Vega a1° Edición aMéxico : bInstituto Mexicano de Contadores Públicos, c2014 a157 páginas ; c22 cm. aIncluye notas a pie de página. aBibliografía: páginas 155-1570 aConceptos jurídicos fundamentales -- Requisitos jurídicos en la estrategia fiscal -- Efectos de los contratos -- Aspectos fiscales del fideicomiso -- Caso práctico -- Conclusiones y propuestas3 aLa carga tributaria representa un alto costo para los contribuyentes, por ello es importante conocer, en forma previa, el mejor escenario fiscal de conformidad con las disposiciones legales. Esto lleva a investigar cuál es la estrategia fiscal más adecuada, es decir, aquella que ofrece las mejores oportunidades económicas dentro del marco legal. Los contratos de fideicomiso son una valiosa herramienta para demostrar o soportar las operaciones realizadas por los diversos contribuyentes. Para lograrlo es indispensable conocer los requisitos legales y fiscales de los contrato, adecuar su contenido, cumplir con todas las formalidades, de acuerdo con cada tipo de contrato de fideicomiso, para que sus efectos sean reconocidos por parte de las autoridades fiscales y por los tribunales, en caso de controversia.14aDerecho fiscal24aImpuesto xLeyes y legislación